[Event "TCh-HUN 2007-8"]
[Site "Budapest HUN"]
[Date "2008.04.27"]
[Round "10"]
[White "Veszpremi,A"]
[Black "Horvath,Jo1"]
[Result "0-1"]
[WhiteElo "2156"]
[BlackElo "2519"]

1.e4 c5 2.Nf3 e6 3.d4 cxd4 4.Nxd4 a6 5.Nc3 Qc7 6.Bd3 Nf6 7.O-O Bc5 8.Nb3 Be7
9.Be3 b5 10.f4 Bb7 11.a3 d6 12.Qe2 Nbd7 13.Rae1 Rc8 14.Bf2 e5 15.f5 O-O 16.g4 d5
17.exd5 Nxd5 18.Nxd5 Bxd5 19.Nd2 Rfd8 20.Ne4 Nf6 21.Nc3 Ba8 22.Ne4 Nxe4 23.Bxe4 Bxe4
24.Qxe4 Qxc2 25.Qxe5 Bf6 26.Qg3 h6 27.h4 Rd3 28.Re3 Rxe3 29.Bxe3 Bxb2 30.g5 hxg5
31.hxg5 Qd3 32.g6 Rf8 33.gxf7+ Rxf7 34.Qb8+ Rf8 35.Qb6 Re8 36.Bf2 Qxf5 37.Qxa6 Qg4+
38.Kh1 Qh3+ 39.Kg1 Be5  0-1

[Event "TCh-HUN 2007-8"]
[Site "Budapest HUN"]
[Date "2008.04.27"]
[Round "10"]
[White "Antal,Ge"]
[Black "Erdos,V"]
[Result "1/2-1/2"]
[WhiteElo "2456"]
[BlackElo "2551"]

1.e4 c5 2.Nf3 e6 3.d4 cxd4 4.Nxd4 a6 5.Nc3 Qc7 6.Be2 b5 7.O-O Bb7 8.Re1 Nc6
9.Nxc6 dxc6 10.e5 Rd8 11.Bd3 c5 12.Qg4 Ne7 13.Bg5 Rd4 14.Qg3 h5 15.f3 c4
16.Be4 Bxe4 17.Nxe4 Nf5 18.Qh3 Be7 19.Bxe7 Qxe7 20.Kh1 Qc7 21.a4 b4 22.c3 bxc3
23.bxc3 Rd3 24.g4 Ne7 25.Nd6+ Rxd6 26.exd6 Qxd6 27.Re4 O-O 28.Qxh5 Qd3 29.Qh3 Qxc3
30.Qf1 Nd5 31.Rxc4 Qd2 32.Rd1 Qh6 33.Qe1 Qe3 34.Qg3 g6 35.Rdc1 Kg7 36.Re1 Qb3
37.Qe5+ Kg8 38.Qe4 Nf6 39.Qe2 Nd5 40.Qe4 Nf6 41.Qe2 Nd5 42.Ra1 a5 43.Rac1 Qa3
44.Qf2 Qb3 45.Qe2  1/2-1/2

[Event "IX EICC"]
[Site "Plovdiv BUL"]
[Date "2008.04.27"]
[Round "7"]
[White "Reutsky,S"]
[Black "Hoffmann,Mi1"]
[Result "0-1"]
[WhiteElo "2302"]
[BlackElo "2471"]

1.e4 c5 2.Nf3 e6 3.d4 cxd4 4.Nxd4 a6 5.Nc3 Qc7 6.Be3 Bb4 7.Qd2 Nf6 8.f3 d5
9.Nde2 dxe4 10.O-O-O O-O 11.a3 Ba5 12.Rg1 Nd5 13.Bd4 Nc6 14.Bc5 Rd8 15.Qe1 Nxc3
16.Nxc3 Rxd1+ 17.Kxd1 Bb6 18.Nxe4 Bxc5 19.Nxc5 Qd6+ 20.Nd3 Qxh2 21.Be2 Nd4
22.Rh1 Qxg2 23.Nf4 Qg5 24.Bd3 g6 25.Qe4 e5 26.Nd5 Be6 27.Nc7 Rb8 28.Nxe6 Nxe6
29.Re1 Nc5 30.Qxe5 Qxe5 31.Rxe5 Nxd3 32.cxd3 Rd8 33.Ke2 Rd7 34.b4 Kg7 35.b5 Kf6
36.Rc5 Re7+ 37.Kf2 Re5  0-1

[Event "IX EICC"]
[Site "Plovdiv BUL"]
[Date "2008.04.29"]
[Round "8"]
[White "Vedder,H"]
[Black "Nikolov,M"]
[Result "0-1"]
[WhiteElo "2371"]
[BlackElo "2488"]

1.e4 c5 2.Nf3 e6 3.Nc3 a6 4.d4 cxd4 5.Nxd4 Qc7 6.Bd3 Nf6 7.O-O b5 8.Qe2 d6
9.a4 bxa4 10.Nxa4 Be7 11.c4 O-O 12.b3 Nbd7 13.Bb2 Re8 14.f4 Rb8 15.Bc2 e5
16.Nf5 Bf8 17.fxe5 Nxe5 18.Ne3 Neg4 19.Nxg4 Nxg4 20.Qd3 g6 21.Qd4 Ne5 22.Nc3 Bb7
23.Nd5 Bxd5 24.exd5 Bg7 25.Kh1 Ra8 26.Ra4 Re7 27.Rfa1 f5 28.Rxa6 Rxa6 29.Rxa6 Nd7
30.Qh4 g5 31.Ra8+ Nf8 32.Qf2 Qc5 33.Qf1 Bxb2 34.Bxf5 Kg7 35.Be6 Nxe6 36.dxe6 Bf6
37.Rd8 Rxe6 38.Rd7+ Re7  0-1

[Event "IX EICC"]
[Site "Plovdiv BUL"]
[Date "2008.04.29"]
[Round "8"]
[White "Ivanov L.,S"]
[Black "Rigopoulos Tsigkos,A"]
[Result "0-1"]
[WhiteElo "2129"]
[BlackElo "1980"]

1.e4 c5 2.Nf3 e6 3.d4 cxd4 4.Nxd4 a6 5.Nc3 b5 6.a3 Bb7 7.Bd3 Qb6 8.Nb3 Qc7
9.O-O Nf6 10.f4 d6 11.Qf3 Nbd7 12.Qg3 Be7 13.Be3 h5 14.Rae1 Ng4 15.Bc1 Qb6+
16.Kh1 Ndf6 17.Nd1 O-O-O 18.Nf2 h4 19.Qf3 Nxf2+ 20.Qxf2 Qxf2 21.Rxf2 h3 22.g3 d5
23.e5 Ng4 24.Rff1 d4+ 25.Be4 g6 26.Bxb7+ Kxb7 27.Rd1 Rc8 28.Rd2 Rhd8 29.Rf3 Bc5
30.Rfd3 Rd5 31.Re2 Bb6 32.Kg1 a5 33.Kf1 a4 34.Na1 Rcd8 35.Ke1 Ba5+ 36.Kf1 Rc8
37.Kg1 Bb6 38.Kf1 Kc6 39.Bd2 Ne3+ 40.Kf2 Nd1+ 41.Kf1 Nxb2 42.Rf3 Rcd8 43.Bc1 Nc4
44.Rd3 Ba5 45.f5 gxf5 46.Bg5 Rg8 47.Bf4 Bc3 48.Rd1 Ne3+ 49.Bxe3 dxe3 50.Rb1 Rgd8
51.Rxe3 Rd1+ 52.Rxd1 Rxd1+ 53.Ke2 Re1+  0-1

[Event "IX EICC"]
[Site "Plovdiv BUL"]
[Date "2008.04.29"]
[Round "8"]
[White "Iordachescu,V"]
[Black "Hoffmann,Mi1"]
[Result "1-0"]
[WhiteElo "2584"]
[BlackElo "2471"]

1.e4 c5 2.Nf3 e6 3.Nc3 a6 4.d4 cxd4 5.Nxd4 Qc7 6.Bd3 Nf6 7.Qe2 Bd6 8.a4 Nc6
9.Nb3 b6 10.h3 O-O 11.Bg5 Be5 12.O-O h6 13.Bd2 Bh2+ 14.Kh1 Bf4 15.Bxf4 Qxf4
16.Rae1 Bb7 17.e5 Ne8 18.a5 Nxa5 19.Nxa5 bxa5 20.Ra1 Qb4 21.Qe3 Rc8 22.f4 Nc7
23.Ra4 Qxb2 24.Rb1 Nd5 25.Qe4 f5 26.exf6 Nxf6 27.Rxb2 Nxe4 28.Nxe4 Bc6 29.Rxa5 Rxf4
30.Re5 a5 31.Kg1 Ra8 32.Nd2 a4 33.Be4 Bxe4 34.Rxe4 Rxe4 35.Nxe4 a3 36.Ra2 d5
37.Nd2 Kf7 38.Kf2 Ke7 39.Ke3 Kd6 40.Nb1 Rb8 41.Nxa3 Kc5 42.c3  1-0

[Event "Victory Day A"]
[Site "Moscow RUS"]
[Date "2008.04.30"]
[Round "7"]
[White "Manakova,M"]
[Black "Mongontuul,B"]
[Result "1/2-1/2"]
[WhiteElo "2332"]
[BlackElo "2402"]

1.e4 c5 2.Nf3 e6 3.d4 cxd4 4.Nxd4 a6 5.Nc3 Qc7 6.Be2 Nf6 7.O-O Be7 8.a4 O-O
9.Be3 b6 10.f4 d6 11.Bf3 Bb7 12.Qe1 Nbd7 13.Kh1 Nc5 14.Bg1 Rfd8 15.Qe3 Rac8
16.Rae1 Bf8 17.Qf2 e5 18.Nf5 exf4 19.Qh4 d5 20.e5 Nfe4 21.Bxe4 dxe4 22.Qxf4 Ne6
23.Qg3 Kh8 24.Nxe4 Bxe4 25.Rxe4 Qxc2 26.Rg4 Rd1 27.Qf3 Rxf1 28.Qxf1 Qc1 29.Qxa6 Rc2
30.Nd6 Rxb2 31.Qc4 Qxc4  1/2-1/2

[Event "IX EICC"]
[Site "Plovdiv BUL"]
[Date "2008.05.01"]
[Round "10"]
[White "Atakisi,U"]
[Black "Hoffmann,Mi1"]
[Result "1/2-1/2"]
[WhiteElo "2365"]
[BlackElo "2471"]

1.e4 c5 2.Nf3 e6 3.d4 cxd4 4.Nxd4 a6 5.Nc3 Qc7 6.Bd3 Nc6 7.Be3 b5 8.Nxc6 Qxc6
9.a3 Bb7 10.O-O Ne7 11.Qh5 Nf5 12.Bd2 Nd6 13.b3 Be7 14.Rae1 g6 15.Qh3 f5
16.exf5 gxf5 17.Qh5+ Nf7 18.f3 O-O 19.Kh1 Bf6 20.Ne4 Bg7 21.Ng3 Ne5 22.Bh6 Ng6
23.Bxg7 Kxg7 24.Qg5 h6 25.Nh5+ Kh7 26.Nf6+ Kg7 27.Nh5+ Kh7 28.Nf6+ Kg7 29.Nh5+  1/2-1/2

[Event "IX EICC"]
[Site "Plovdiv BUL"]
[Date "2008.05.01"]
[Round "10"]
[White "Kaplan,S"]
[Black "Banikas,H"]
[Result "1/2-1/2"]
[WhiteElo "2428"]
[BlackElo "2600"]

1.e4 c5 2.Nf3 e6 3.d4 cxd4 4.Nxd4 a6 5.Nc3 Qc7 6.Be2 b5 7.O-O Bb7 8.Bf3 Bb4
9.e5 Ne7 10.Bxb7 Qxb7 11.Qg4 h5 12.Qg5 Nbc6 13.Nxc6 Qxc6 14.a4 bxa4 15.Qh4 Bxc3
16.bxc3 Ng6 17.Qd4 O-O 18.Bd2 Rfc8 19.Rfe1 Rab8 20.Qxa4 Qxa4 21.Rxa4 Rc6
22.f4 Ne7 23.Rea1 Rb2 24.R1a2 Rxa2 25.Rxa2 d6 26.exd6 Rxd6 27.Be1 Nd5 28.g3 Ne3
29.h3 Rc6 30.Bd2 Nc4 31.Be1 Nd6 32.Kg2 Nb5 33.h4 Kh7 34.Kh3 Kg6 35.Ra4 Kf5
36.c4 Nd6 37.Ra5+ Kg6 38.Bb4 Ne4 39.c5 Kf5 40.Ra1 f6 41.Ra3 e5 42.fxe5 Kxe5
43.Ra1 g6 44.Ra5 Kd4 45.Be1 Ke3 46.Bb4 Kd4 47.Be1 f5 48.Bb4 Kc4 49.Ba3 Kc3
50.Ra4 Nd2 51.Bb4+ Kxc2 52.Bxd2 Kxd2 53.Rd4+ Ke3 54.Rd6 Rxc5 55.Rxa6 Rc1
56.Rxg6 Kf2 57.Kh2 Rg1 58.Rg5 Rg2+ 59.Kh1  1/2-1/2

[Event "IX EICC"]
[Site "Plovdiv BUL"]
[Date "2008.05.02"]
[Round "11"]
[White "Willemze,T"]
[Black "Orlov,O2"]
[Result "1/2-1/2"]
[WhiteElo "2399"]
[BlackElo "2285"]

1.e4 c5 2.Nf3 e6 3.d4 cxd4 4.Nxd4 a6 5.Nc3 b5 6.Bd3 Qb6 7.Nb3 Nc6 8.O-O d6
9.Kh1 Nf6 10.a4 bxa4 11.Nxa4 Qc7 12.Be3 Rb8 13.f4 Be7 14.Nc3 Nb4 15.e5 Nxd3
16.exf6 Nxb2 17.fxg7 Rg8 18.Qe1 Bf6 19.Ne4 Bxg7 20.Bd4 f5 21.Nxd6+ Qxd6 22.Bxg7 Nc4
23.Be5 Qd5 24.Rf2 Bb7 25.Qd1 Nxe5 26.Qxd5 Bxd5 27.fxe5 Rb7 28.Kg1 Rbg7 29.g3 h5
30.Rf4 Rg4 31.Raa4 Rxf4 32.Rxf4 Kf7 33.c4 Bc6 34.Na5 Be4 35.c5 Rb8 36.Nc4 Rb1+
37.Kf2 Kg6 38.Nd2 Rb2 39.Ke3 Bd5 40.Ra4 Rb5 41.Kd4 Rb2 42.Nf1 f4 43.c6 Rb1
44.c7 Rc1 45.gxf4 Rxc7 46.f5+ Kxf5 47.Ne3+ Kg6 48.Nxd5 Rd7 49.Rxa6 Rxd5+
50.Ke4 Rd2 51.Rxe6+ Kf7 52.Rf6+ Ke7 53.h3 Rh2 54.Rf3 Ke6 55.Re3 Ra2 56.Kf4 Rf2+
57.Kg5 Rf5+  1/2-1/2

[Event "It"]
[Site "Gyumri ARM"]
[Date "2008.05.06"]
[Round "11"]
[White "Gabrielian,A"]
[Black "Chibukhchian,A"]
[Result "0-1"]
[WhiteElo "2494"]
[BlackElo "2428"]

1.e4 c5 2.Nf3 e6 3.d4 cxd4 4.Nxd4 a6 5.Nc3 Qc7 6.g3 Bb4 7.Ne2 Nf6 8.Bg2 Be7
9.O-O Nc6 10.h3 b5 11.Nd5 exd5 12.exd5 Bb7 13.dxc6 dxc6 14.Bf4 Qb6 15.Re1 Rd8
16.Qc1 O-O 17.Nc3 Bc5 18.Be3 Bxe3 19.Qxe3 Qxe3 20.Rxe3 Rd2 21.Rc1 Rfd8 22.g4 Kf8
23.g5 Nd5 24.Bxd5 cxd5 25.Rd3 Rxd3 26.cxd3 Ke7 27.Ne2 Kd6 28.f4 Bc8 29.Nd4 Bd7
30.Kf2 a5 31.h4 b4 32.Nb3 a4 33.Nc5 Bc6 34.Na6 Bb5 35.Nxb4 d4 36.Re1 a3 37.b3 Kc5
38.Nc2 Bxd3 39.Re5+ Kb6 40.Nb4 Bb1 41.Re1 Bg6 42.Re5 d3 43.Rd5 Rxd5 44.Nxd5+ Kc5
45.Nc3 Kb4 46.Nb1 Bf5 47.Ke3 Be6 48.Nd2 Kc3 49.f5 Bxf5 50.Nc4 Kb4 51.Kd2 f6
52.gxf6 gxf6 53.Ne3 Be6 54.Kxd3 Bxb3 55.Ng4 Bxa2 56.Kc2 Bb3+ 57.Kb1 f5  0-1

[Event "43rd Capablanca Memorial Open"]
[Site "Havana CUB"]
[Date "2008.05.09"]
[Round "2"]
[White "Forgas Moreno,Y"]
[Black "Ordaz Valdes,L"]
[Result "0-1"]
[WhiteElo "2108"]
[BlackElo "2300"]

1.e4 c5 2.Nf3 e6 3.d4 cxd4 4.Nxd4 a6 5.Nc3 Qc7 6.Be2 Nf6 7.a3 b5 8.f4 Bb7
9.Bf3 b4 10.axb4 Bxb4 11.O-O d6 12.e5 dxe5 13.fxe5 Nfd7 14.Bxb7 Qxb7 15.Qg4 Bc5
16.Kh1 Bxd4 17.Qxd4 Nc6 18.Qe4 Ndxe5 19.Bf4 Ng6 20.Bd6 Rd8 21.Rad1 Rd7 22.Na4 Nce7
23.Qd4 e5 24.Qc4 O-O 25.b3 Nf4 26.Rxf4 exf4 27.Nc5 Rxd6 28.Rxd6 Qc7 29.Rd1 Nf5
30.Nxa6 Qxc4 31.bxc4 Ne3 32.Rd4 Nxc2 33.Rd2 Ra8 34.Kg1 g5 35.Rxc2 Rxa6 36.c5 Rc6
37.Kf2 Kg7 38.Kf3 f5 39.h4 h6 40.Ke2 Kg6 41.hxg5 hxg5 42.Kd3 g4 43.Kd4 Kg5
44.Kd5 Rc8 45.c6 f3 46.gxf3 g3 47.Ke5 Re8+ 48.Kd4 Kf4  0-1

[Event "I Open"]
[Site "Augustow POL"]
[Date "2008.05.10"]
[Round "1"]
[White "Poswiatowski,M"]
[Black "Kovalev,An"]
[Result "0-1"]
[WhiteElo "1778"]
[BlackElo "2560"]

1.e4 c5 2.Nf3 e6 3.d4 cxd4 4.Nxd4 a6 5.Nc3 Qc7 6.Be3 Bb4 7.Ne2 Nf6 8.a3 Be7
9.Nd4 b5 10.Bd3 Bb7 11.O-O O-O 12.f4 d6 13.Qe2 Nbd7 14.Rae1 Rfe8 15.Kh1 Nc5
16.Bc1 Rad8 17.Rf3 d5 18.e5 Nfe4 19.Bd2 g6 20.Na2 Nxd2 21.Qxd2 Ne4 22.Qe2 Bc5
23.c3 Qb6 24.Rd1 f6 25.exf6 Rf8 26.Nc1 Rxf6 27.Ncb3 Bd6 28.Rdf1 Rdf8 29.Nd2 Nc5
30.Bc2 Bxf4 31.g3 e5 32.gxf4 exd4 33.cxd4 Ne6 34.Nb3 Nxd4 35.Nxd4 Qxd4 36.Bb3 Kg7
37.Qc2 Qb6 38.R3f2 Rc8 39.Qe2 Re6 40.Qg4 d4+ 41.Kg1 Qc6 42.Rg2 Re3 43.Bd1 Qxg2+
44.Qxg2 Bxg2 45.Kxg2 Rc1  0-1

[Event "Kaupthing Open"]
[Site "Differdange LUX"]
[Date "2008.05.11"]
[Round "3"]
[White "Faibisovich,V"]
[Black "Feller,S"]
[Result "0-1"]
[WhiteElo "2421"]
[BlackElo "2540"]

1.e4 c5 2.Nf3 e6 3.Nc3 a6 4.d4 cxd4 5.Nxd4 Qc7 6.g3 Bb4 7.Qd3 Nc6 8.Nxc6 bxc6
9.Qd4 Bf8 10.Bg2 e5 11.Qd2 Nf6 12.O-O Be7 13.b3 O-O 14.Bb2 Bb7 15.Na4 d6
16.c4 Rfd8 17.Qe3 Nd7 18.Bh3 c5 19.Nc3 Nf8 20.Nd5 Bxd5 21.exd5 Bf6 22.Qd2 Re8
23.Rae1 a5 24.Bc3 a4 25.Bf5 g6 26.Bc2 axb3 27.axb3 Bg7 28.Ra1 f5 29.Ra4 e4
30.Rfa1 Rxa4 31.bxa4 Bxc3 32.Qxc3 Qg7 33.Qxg7+ Kxg7 34.a5 Ra8 35.a6 Ra7 36.Ra5 Kf6
37.Ba4 g5 38.Bb5 Ng6 39.Ra1 Ne5 40.Kf1 Nf3 41.h3 Ke5 42.Ke2 Nd4+ 43.Kd1 h5
44.Ra3 h4 45.Kd2 Nf3+ 46.Ke2 hxg3 47.fxg3 Ng1+ 48.Kf2 Nxh3+ 49.Kg2 g4 50.Ra1 e3
51.Ra3 Ke4  0-1

[Event "Open"]
[Site "Thun SUI"]
[Date "2008.05.11"]
[Round "5"]
[White "Horvath,Ta1"]
[Black "Finger,R"]
[Result "1-0"]
[WhiteElo "2430"]
[BlackElo "2057"]

1.e4 c5 2.Nf3 e6 3.d4 cxd4 4.Nxd4 a6 5.Nc3 Qc7 6.f4 d6 7.Be3 Nd7 8.Bd3 Ngf6
9.Qf3 b5 10.a3 Bb7 11.O-O Be7 12.Rae1 O-O 13.Kh1 Nc5 14.Qh3 e5 15.fxe5 dxe5
16.Nf5 Nxd3 17.cxd3 Ne8 18.d4 f6 19.Rc1 Qd8 20.dxe5 fxe5 21.Rfd1 Bd6 22.Nxd6 Nxd6
23.Qe6+  1-0

[Event "Mayors Cup Open"]
[Site "Mumbai IND"]
[Date "2008.05.12"]
[Round "2"]
[White "Iuldachev,S"]
[Black "Anurag,M"]
[Result "1-0"]
[WhiteElo "2501"]
[BlackElo "2125"]

1.e4 c5 2.Nc3 e6 3.Nf3 a6 4.d4 cxd4 5.Nxd4 Qc7 6.Be2 d6 7.O-O b5 8.Re1 Bb7
9.Bh5 g6 10.Bg4 b4 11.Na4 Nf6 12.Bxe6 fxe6 13.Nxe6 Qd7 14.Nxf8 Rxf8 15.Nb6 Qc6
16.Nxa8 Bxa8 17.Bf4 Rf7 18.Qxd6 Qxd6 19.Bxd6 Nc6 20.Rad1 Rd7 21.f3 Bb7 22.Bc5 Rxd1
23.Rxd1 Nd7 24.Bd6 a5 25.Kf2 Nde5 26.b3 h5 27.Bxe5 Nxe5 28.Rd6 Ke7 29.Rb6 Bc8
30.Ke3 Bd7 31.Kd4 Nc6+ 32.Kd5 Nd8 33.Rxg6 Ne6 34.Ke5 h4 35.f4 Nd8 36.f5 Be8
37.Ra6 a4 38.bxa4 Bf7 39.Ra7+ Ke8 40.Kf4 Bxa2 41.Re7+ Kf8 42.Rc7 Bb1 43.a5 b3
44.cxb3 Bxe4 45.a6  1-0

[Event "Mayors Cup Open"]
[Site "Mumbai IND"]
[Date "2008.05.12"]
[Round "3"]
[White "Hapse,S"]
[Black "Amrutha,M"]
[Result "0-1"]
[WhiteElo "1890"]
[BlackElo "2163"]

1.e4 c5 2.Nf3 e6 3.d4 cxd4 4.Nxd4 a6 5.Nc3 b5 6.a3 d6 7.f4 Bb7 8.Bd3 Nd7
9.O-O Ngf6 10.Qe2 Qc7 11.Nf3 Be7 12.Bd2 O-O 13.Rae1 Nc5 14.e5 Nfd7 15.exd6 Bxd6
16.Bxh7+ Kxh7 17.Ng5+ Kg8 18.b4 Na4 19.Nxa4 bxa4 20.Qd3 g6 21.Qh3 Nf6 22.Bc3 Nh5
23.g4 Bxf4 24.gxh5 Bxg5 25.hxg6 f6 26.Qxe6+ Kg7 27.Qe7+ Qxe7 28.Rxe7+ Kxg6
29.Rxb7 Be3+ 30.Kg2 Rac8 31.Be1 Rxc2+ 32.Kg3 f5  0-1

[Event "Mayors Cup Open"]
[Site "Mumbai IND"]
[Date "2008.05.12"]
[Round "3"]
[White "Shah,Dhr"]
[Black "Antonio,V"]
[Result "1/2-1/2"]
[WhiteElo "1802"]
[BlackElo "2127"]

1.e4 c5 2.Nf3 e6 3.d4 cxd4 4.Nxd4 a6 5.Nc3 b5 6.a3 Bb7 7.Bd3 d6 8.Qe2 Nf6
9.O-O Nbd7 10.f4 Qc7 11.Bd2 Be7 12.Rae1 Rd8 13.Kh1 O-O 14.Rf3 g6 15.Rg3 Kh8
16.f5 gxf5 17.exf5 e5 18.Nf3 Nc5 19.Bg5 Rg8 20.Nd2 Rg7 21.Bxf6 Bxf6 22.Rxg7 Bxg7
23.Nde4 Nxe4 24.Nxe4 d5 25.f6 Bh6 26.Qh5 dxe4 27.Qxh6 Rg8 28.Rxe4 Rg6 29.Qf8+ Rg8
30.Qh6 Rg6 31.Qf8+ Rg8 32.Qh6  1/2-1/2

[Event "Mayors Cup Open"]
[Site "Mumbai IND"]
[Date "2008.05.14"]
[Round "5"]
[White "Nadig,K"]
[Black "Vaibhav,S"]
[Result "1-0"]
[WhiteElo "2213"]
[BlackElo "2013"]

1.e4 c5 2.Nf3 e6 3.d4 cxd4 4.Nxd4 a6 5.Nc3 Qc7 6.Bd3 Nf6 7.O-O Bc5 8.Nb3 Be7
9.f4 d6 10.a4 Bd7  1-0

[Event "Mayors Cup Open"]
[Site "Mumbai IND"]
[Date "2008.05.14"]
[Round "5"]
[White "Meera,S"]
[Black "Ubilava,E"]
[Result "0-1"]
[WhiteElo "2227"]
[BlackElo "2558"]

1.e4 c5 2.Nc3 e6 3.Nf3 a6 4.d4 cxd4 5.Nxd4 b5 6.Bd3 Qb6 7.Nb3 Bb7 8.Qe2 d6
9.a4 bxa4 10.Nxa4 Qc7 11.Be3 Nd7 12.Nc3 Ngf6 13.Na5 Be7 14.Nxb7 Qxb7 15.O-O O-O
16.Bxa6 Qxb2 17.Bd4 Qb8 18.f4 e5 19.Be3 exf4 20.Bxf4 Qc7 21.Bd2 Ne5 22.Kh1 Rfb8
23.Rab1 Rxb1 24.Rxb1 Rb8 25.Rb3 h6 26.h3 Bf8 27.Nd5 Nxd5 28.exd5 g6 29.Ba5 Qa7
30.Rxb8 Qxb8 31.Qb5 Qa7 32.Qb6 Qd7 33.Qd4 Bg7 34.Bc3 Kh7 35.Bd3 Qb7 36.Bb2 Bf6
37.Qf2 Nxd3 38.Qxf6 Nxb2 39.Qxd6 Nc4 40.Qc5 Qb1+ 41.Kh2 Qb8+ 42.Kh1 Qf4  0-1

[Event "Mayors Cup Open"]
[Site "Mumbai IND"]
[Date "2008.05.14"]
[Round "5"]
[White "Shashikant,K"]
[Black "Amrutha,M"]
[Result "1-0"]
[WhiteElo "2356"]
[BlackElo "2163"]

1.e4 c5 2.Nf3 e6 3.d4 cxd4 4.Nxd4 a6 5.Nc3 b5 6.Bd3 Bb7 7.O-O d6 8.Qe2 Nf6
9.a4 b4 10.Na2 a5 11.c3 bxc3 12.Nxc3 Be7 13.Bb5+ Nfd7 14.Qg4 O-O 15.Bh6 Bf6
16.Rad1 Kh8 17.Be3 Na6 18.Bxd7 Qxd7 19.Ndb5 Be5 20.Nxd6 Qc6 21.Nxb7 Qxb7
22.Rd2 Qb4 23.Rfd1 f5 24.Qh5 f4 25.Qxe5 fxe3 26.fxe3 Nc5 27.h3 Rae8 28.Rd4 Qxb2
29.Qxc5 Rf2 30.Qg5  1-0

[Event "Mayors Cup Open"]
[Site "Mumbai IND"]
[Date "2008.05.15"]
[Round "6"]
[White "Shaikh,N"]
[Black "Prasenjit,Dat"]
[Result "0-1"]
[WhiteElo "1858"]
[BlackElo "2317"]

1.e4 c5 2.Nc3 e6 3.Nf3 a6 4.d4 cxd4 5.Nxd4 Qc7 6.Be3 Bb4 7.Qd2 Nf6 8.f3 d5
9.exd5 Nxd5 10.Nde2 Nxe3 11.Qxe3 O-O 12.O-O-O Nd7 13.h4 Bc5 14.Qg5 Nf6 15.h5 h6
16.Qh4 b5 17.a3 Bb7 18.Rh3 Rad8 19.f4 Rxd1+ 20.Kxd1 a5 21.Nxb5 Qd7+ 22.Nbd4 Bxd4
23.Rd3 Ba6 24.Rd2 Bxe2+ 25.Kxe2 Qb5+ 26.Ke1 Qxb2 27.Kd1 Ne4 28.Bd3 Nc3+ 29.Ke1 Qc1+
30.Rd1 Qxd1+  0-1

[Event "Mayors Cup Open"]
[Site "Mumbai IND"]
[Date "2008.05.15"]
[Round "7"]
[White "Shashikant,K"]
[Black "Antonio,V"]
[Result "1-0"]
[WhiteElo "2356"]
[BlackElo "2127"]

1.e4 c5 2.Nf3 e6 3.d4 cxd4 4.Nxd4 a6 5.Nc3 b5 6.Bd3 Bb7 7.O-O d6 8.Qe2 Nf6
9.a4 bxa4 10.Rxa4 Be7 11.Be3 O-O 12.Nb3 a5 13.Rfa1 Nc6 14.Bd2 Nd7 15.Bb5 Nc5
16.Bxc6 Bxc6 17.Rxa5 Nxb3 18.Rxa8 Bxa8 19.cxb3 Bf6 20.b4 Qb8 21.b5 Rc8 22.Qd3 d5
23.exd5 Bxc3 24.Bxc3 Bxd5 25.Qd4 f6 26.Ra7 Bb7 27.b6 Rf8 28.Qd7 Rf7 29.Qxe6 Qc8
30.Qxc8+ Bxc8 31.Ra8 Rf8 32.Bb4 Rd8 33.h4 Kf7 34.Rxc8  1-0

[Event "Frank K Berry ch-USA w"]
[Site "Tulsa USA"]
[Date "2008.05.15"]
[Round "3"]
[White "Abrahamyan,T"]
[Black "Zenyuk,I"]
[Result "1-0"]
[WhiteElo "2239"]
[BlackElo "2233"]

1.e4 c5 2.Nf3 e6 3.d4 cxd4 4.Nxd4 a6 5.Nc3 Qc7 6.Qf3 Nc6 7.Nxc6 dxc6 8.Be3 Nf6
9.O-O-O Bd6 10.Na4 Nd7 11.Qg4 b5 12.Nb6 Nxb6 13.Qxg7 Rf8 14.Bxb6 Qxb6 15.Rxd6 Qxf2
16.Qg5 Bd7 17.Rd2 Qe1+ 18.Rd1 Qxe4 19.Kb1 f6 20.Qh5+ Qg6 21.Qc5 Qf7 22.Be2 e5
23.Rd6 O-O-O 24.Bf3 Qc4 25.Qb6 e4 26.b3 Qb4 27.Rxc6+ Bxc6 28.Qxc6+ Kb8 29.Bxe4 Qe7
30.Qb6+ Kc8 31.Bf5+ Rd7 32.Rd1 Rd8 33.Qc6+ Kb8 34.Bxd7  1-0

[Event "Kaupthing Open"]
[Site "Differdange LUX"]
[Date "2008.05.16"]
[Round "8"]
[White "Maleki,N"]
[Black "Siebrecht,S"]
[Result "0-1"]
[WhiteElo "2155"]
[BlackElo "2490"]

1.e4 c5 2.Nf3 e6 3.d4 cxd4 4.Nxd4 a6 5.Nc3 Qc7 6.Bd3 Nf6 7.O-O Bd6 8.h3 Nc6
9.Nxc6 dxc6 10.Be3 b5 11.a4 Bb7 12.f4 e5 13.axb5 axb5 14.Rxa8+ Bxa8 15.Qf3 exf4
16.Bxf4 O-O 17.e5 Bxe5 18.Ne4 Nd5 19.Bd2 g6 20.Ng5 Bg7 21.h4 h6 22.Ne4 f5
23.Nc3 Nf6 24.Bf4 Qe7 25.Ra1 Ng4 26.Nxb5 cxb5 27.Rxa8 Qe1+ 28.Bf1 Bd4+  0-1

[Event "TCh-ISR"]
[Site "Israel ISR"]
[Date "2008.05.16"]
[Round "8"]
[White "Zaltz,D"]
[Black "Neimer,V"]
[Result "1/2-1/2"]
[WhiteElo "2298"]
[BlackElo "2309"]

1.e4 c5 2.Nf3 e6 3.d4 cxd4 4.Nxd4 a6 5.Nc3 Qc7 6.Be3 Nf6 7.Bd3 Bb4 8.Bd2 Nc6
9.Nxc6 dxc6 10.O-O Bd6 11.f4 e5 12.f5 h5 13.Kh1 Bd7 14.a4 O-O-O 15.a5 Kb8
16.Be3 c5 17.Bc4 Bc6 18.Qf3 Qe7 19.Bg5 Bc7 20.Nd5 Bxd5 21.Bxd5 Rd7 22.Qb3 Bd8
23.Qc4 Qf8 24.Bxf6 gxf6 25.Rf3 Ka7 26.Rc3 Rc7 27.Rb3 Rd7 28.Rc3 Rc7 29.Rb1 Qe7
30.b4 cxb4 31.Qxb4 Qxb4 32.Rxb4 Rxc3 33.Rxb7+ Ka8 34.Rc7+ Kb8 35.Rxc3 Bxa5
36.Ra3 Bb6 37.Rxa6 Kc7 38.g3 h4 39.Kg2 h3+ 40.Kf1 Rb8 41.Ra8 Rxa8 42.Bxa8 Kd6
43.Bd5 Kc5 44.g4 Kb4 45.Bxf7 Kc3 46.Bb3 Kd2 47.g5 fxg5 48.f6 Ke3 49.f7 Bc5
50.Be6 Kxe4 51.Bxh3 Ke3 52.Bg4 e4 53.h3 Kd2 54.Bf5 e3 55.Bd3 Bd6 56.Be2  1/2-1/2

[Event "Kaupthing Open"]
[Site "Differdange LUX"]
[Date "2008.05.17"]
[Round "9"]
[White "Andersen,A"]
[Black "Jaenig,R"]
[Result "1-0"]
[WhiteElo "2203"]
[BlackElo "2162"]

1.e4 c5 2.Nf3 e6 3.d4 cxd4 4.Nxd4 a6 5.Nc3 Qc7 6.Be2 Nf6 7.O-O d6 8.f4 Nbd7
9.f5 e5 10.Nb3 b5 11.a3 Bb7 12.Bf3 Rc8 13.Be3 Nb6 14.Na5 Ba8 15.Qd3 Be7 16.Kh1 O-O
17.Rac1 Na4 18.Nxa4 bxa4 19.Bd2 Rfd8 20.c4 h6 21.h3 Nh7 22.Bb4 Ng5 23.Rcd1 g6
24.fxg6 f5 25.exf5 e4 26.Bxe4 Nxe4 27.Rde1 d5 28.Bxe7 Qxe7 29.f6 Nf2+ 30.Kg1 Nxd3
31.Rxe7 Nc5 32.Rg7+ Kh8 33.Rh7+ Kg8 34.f7+ Kf8 35.g7+ Ke7 36.f8=Q+ Rxf8 37.gxf8=Q+ Ke6
38.Qf6+  1-0

[Event "Mayors Cup Open"]
[Site "Mumbai IND"]
[Date "2008.05.17"]
[Round "9"]
[White "Dusthageer,I"]
[Black "Gusain,H"]
[Result "0-1"]
[WhiteElo "2252"]
[BlackElo "2070"]

1.e4 c5 2.Nf3 e6 3.d4 cxd4 4.Nxd4 a6 5.Nc3 Qc7 6.Bd3 Nf6 7.O-O Bc5 8.Nb3 Be7
9.f4 d6 10.Kh1 b5 11.a3 Bb7 12.Be3 Nbd7 13.Qe2 O-O 14.Rad1 Rac8 15.Bd4 e5
16.Bg1 Rfe8 17.f5 Nb6 18.Bxb6 Qxb6 19.g4 d5 20.Nd2 b4 21.axb4 Bxb4 22.Nxd5 Nxd5
23.exd5 Bxd2 24.Rxd2 e4 25.Bxe4 Qb4 26.Re1 Rc4 27.c3 Qb5 28.Kg1 Rcxe4 29.Qxe4 Rxe4
30.Rxe4 h5 31.Red4 hxg4 32.d6 Qd7 33.Re2 Bc6 34.Re5 Kh7 35.Rc5 Bb5 36.b4 Qe8
37.Rxb5 axb5 38.d7 Qd8 39.Rd6 f6 40.Rd5 g6 41.fxg6+ Kxg6 42.h3 gxh3 43.Kh2 Kf7
44.Kxh3 Ke6 45.Rxb5 Qxd7 46.Rc5 f5 47.b5 Qd3+ 48.Kh4 Qe4+ 49.Kh5 Qh1+  0-1

[Event "Mayors Cup Open"]
[Site "Mumbai IND"]
[Date "2008.05.17"]
[Round "9"]
[White "Bharat,L"]
[Black "Thapa,K"]
[Result "1/2-1/2"]
[WhiteElo "1881"]
[BlackElo "2147"]

1.e4 c5 2.Nf3 e6 3.d4 cxd4 4.Nxd4 a6 5.Nc3 Qc7 6.Be3 Nf6 7.f3 Bb4 8.Qd2 O-O
9.a3 Bxc3 10.Qxc3 Qxc3+ 11.bxc3 Nc6 12.Rb1 d5 13.Nxc6 bxc6 14.Bc5 Re8 15.e5 Nd7
16.Bd6 f6 17.f4 c5 18.Be2 c4 19.Kd2 Nf8 20.Rb6 Bd7 21.Rhb1 Bb5 22.Rb7 Bc6
23.Rc7 Rec8 24.Rb6 Rxc7 25.Bxc7 Bb5 26.Bd6 Nd7 27.Rb7 Rc8 28.Bf3 Kf7 29.Ra7 fxe5
30.fxe5 Kg6 31.Bg4 Re8 32.Ke3 h5 33.Bd1 Kh6 34.g3 g5 35.Bf3 Kg6 36.h3 Rh8
37.Bd1 g4 38.h4 Re8 39.a4 Bxa4 40.Rxa6 Bb5 41.Ra7 Kf5 42.Kd4 Kg6 43.Be2 Kf5
44.Bf1 Rc8 45.Bg2 Re8 46.Rb7 Bc6 47.Rc7 Ba4 48.Ra7  1/2-1/2

[Event "VI Regina Helena Prol"]
[Site "Santos BRA"]
[Date "2008.05.17"]
[Round "1"]
[White "Di Berardino,D"]
[Black "Perdomo,C"]
[Result "1-0"]
[WhiteElo "2431"]
[BlackElo "2353"]

1.e4 c5 2.Nf3 e6 3.d4 cxd4 4.Nxd4 a6 5.Nc3 Qc7 6.Be2 Nf6 7.O-O Nc6 8.Kh1 Nxd4
9.Qxd4 Bc5 10.Qd3 b5 11.Bg5 Bb7 12.f4 b4 13.e5 Nd5 14.Nxd5 Bxd5 15.Bf3 Bxf3
16.Rxf3 d6 17.Raf1 Ra7 18.exd6 Qxd6 19.Qc4 O-O 20.Rd3 Qb6 21.f5 exf5 22.Rxf5 Be7
23.Bf4 Qg6 24.Rfd5 a5 25.h3 Raa8 26.Rg3 Qa6 27.Be5 g6 28.Qf4 Qe6 29.Qh6 Bf6
30.Re3 Bxe5 31.Rexe5 Qf6 32.b3 Rfd8 33.Rh5 Rxd5 34.Qxh7+ Kf8 35.Qh6+ Kg8
36.Rxd5 Qa1+ 37.Kh2 Qxa2 38.Rc5 Qa1 39.Qf4 Qd1 40.Qf6 Qd7 41.h4 Re8 42.h5 Re6
43.Qf4 Qd8 44.Rb5 Rb6 45.hxg6 fxg6 46.Rxa5 Rf6 47.Qc4+ Kh8 48.Qh4+ Kg8 49.Qc4+ Kh8
50.Qxb4 Qc7+ 51.Kg1 Rf7 52.Qd4+ Kh7 53.Ra8 g5 54.Rh8+ Kg6 55.Rg8+ Kh5 56.Rh8+ Kg6
57.Rg8+ Kh5 58.Qd1+ Kh6 59.Rh8+ Kg7 60.Rd8 Kg6 61.Qd6+ Kf5 62.Qd5+ Kg6 63.Rg8+ Kh7
64.Rxg5 Qf4 65.Qd3+  1-0

[Event "TCh-HUN 2007-8"]
[Site "Budapest HUN"]
[Date "2008.05.18"]
[Round "11"]
[White "Tatar Kis,S"]
[Black "Izsak,Gyu"]
[Result "1/2-1/2"]
[WhiteElo "2375"]
[BlackElo "2427"]

1.e4 c5 2.Nf3 e6 3.d4 cxd4 4.Nxd4 a6 5.Nc3 Qc7 6.Bd3 Nf6 7.O-O Bc5 8.Nb3 Be7
9.f4 d6 10.Qf3 Nc6 11.Be3 O-O 12.Rae1 b5 13.Kh1 Nd7 14.Qh3 Nb4 15.Bd2 Nxd3
16.cxd3 Nc5 17.Rc1 Nxb3 18.axb3 Qd8 19.Ne2 Bb7 20.Nd4  1/2-1/2

[Event "LXXII ch-CRC Fase 1"]
[Site "Moravia CRC"]
[Date "2008.05.19"]
[Round "3"]
[White "Carvajal,J"]
[Black "Campos,Ro"]
[Result "1/2-1/2"]
[WhiteElo "2173"]
[BlackElo "2040"]

1.e4 c5 2.Nc3 e6 3.Nf3 a6 4.d4 cxd4 5.Nxd4 b5 6.Bd3 Bc5 7.Be3 Qb6 8.Qg4 g6
9.e5 Nc6 10.Nxc6 Bxe3 11.fxe3 Qxe3+ 12.Kd1 dxc6 13.Ne4 Nh6 14.Qh4 Nf5 15.Qf6 O-O
16.h4 c5 17.Qg5  1/2-1/2